000 00430nam a2200181Ia 4500
001 4184
005 20260306145737.0
008 260306t1997||||xx |||||||||||||| ||spa||
041 _aESP
082 _a320
_bL82
100 _aLocke, John, 1632-1704
_eAUT
245 0 _aDos ensayos sobre el gobierno civil
260 _c1997
300 _a389 páginas :
_c17 cm.
650 _aGEN
654 _aCDE
942 _cLIB
_dJUS
_fJUS
_2ddc
_n
999 _c4184
_d4184